00757 2200277 4500001002100000005001500021035002000036007000300056008004100059040001200100245005300112300002900165020002200194041000800216082001000224084001600234090002000250260003100270600003200301700002600333990002400359990002400383990002400407990002400431990002400455INLIS00000000000214920260603102049 a0010-0120000592ta260603 0  aSBPUPAD aCerita Rakyat Nusantara /cEditor; Edith Natasya a73 hlm :bilus ;c21 cm. a978-602-467-055-90 aind a398.2 a398.2 CER c a398.2 CER c 3-3 aJakarta :bErlangga,c2018 4aAdat Istiadat dan Kebiasaan0 aEditor; Edith Natasya a34.600/DAK/DPK/2019 a34.023/DAK/DPK/2019 a34.024/DAK/DPK/2019 a34.025/DAK/DPK/2019 a34.026/DAK/DPK/2019